000 00636nam a2200229 i 4500
001 C2-0122880
003 PPAK
005 20180727114004.0
008 970826s1981 my |||| ||||| | may d
040 _aPPAK
_beng
_cPPAK
_erda
082 0 4 _a899.233
_223
090 0 0 _a899.233
_bSHA
_dKIH
090 0 0 _a899.233
_bSHA
_dKSS
100 0 _aShahrom Mohd. Dom,
_eauthor
245 1 0 _aKelahiran :
_bsebuah kumpulan drama
264 1 _aKuala Lumpur :
_bDewan Bahasa dan Pustaka ,
_c1981
300 _a196 pages ;
_c19 cm
336 _2rdacontent
_atext
337 _2rdamedia
_aunmediated
338 _2rdacarrier
_avolume
942 _ddc
_cB
999 _c35504
_d35504